[Event "Warsaw Chess Open - A"]
[Site "Warszawa"]
[Date "1899-12-30"]
[Round "9.4"]
[White "Malicka, Maria"]
[Black "Rozentalis, Eduardas"]
[Result "1/2-1/2"]
[WhiteTitle "FM"]
[BlackTitle "GM"]
[WhiteElo "2272"]
[BlackElo "2520"]

1. e4 Nf6 2. e5 Nd5 3. d4 d6 4. Nf3 g6 5. Bc4 Nb6 6. Bb3 d5 7. O-O Bg7 8. c3 O-O
9. Re1 a5 10. a4 Na6 11. Na3 c6 12. Nc2 Nc7 13. Ne3 f6 14. exf6 exf6 15. Bc2 f5
16. Nf1 f4 17. Ne5 Nc4 18. Nxc4 dxc4 19. Nd2 Be6 20. b3 cxb3 21. Bxb3 Bd5 22.
Ba3 Rf5 23. Rb1 b5 24. Nf3 Kh8 25. Bc5 Bxb3 26. Qxb3 Qg8 27. Qc2 Qc4 28. Nd2 Qg8
29. Nf3 Rc8 30. Bd6 Qd5 31. Be5 Bxe5 32. Nxe5 Rcf8 33. Ra1 Rg5 34. Qe4 Qxe4 35.
Rxe4 Nd5 36. Nf3 Rgf5 37. axb5 Nxc3 38. Re6 cxb5 39. Rxa5 b4 40. Ra7 R5f7 41.
Rxf7 Rxf7 42. Rb6 Ra7 43. g3 Ra1+ 44. Kg2 Ra2 45. Ne5 fxg3 46. hxg3 Nd1 47. Rxb4
Rxf2+ 48. Kh3 Ne3 49. Ng4 Nxg4 50. Kxg4 Rf7 51. Rb8+ Kg7 52. Rd8 h6 53. Rd6 h5+
54. Kh4 Kh6 55. Kh3 Rf3 56. Kg2 Rd3 57. Rd5 Kg7 58. Rd6 Kh6 59. Rd5 g5 60. Rd6+
Kg7 61. Kf2 g4 62. Kg2 Rd2+ 63. Kg1 Rd3 1/2-1/2

[Event "Warsaw Chess Open - A"]
[Site "Warszawa"]
[Date "1899-12-30"]
[Round "9.5"]
[White "Janik, Igor"]
[Black "Lewtak, Damian"]
[Result "1-0"]
[WhiteTitle "IM"]
[BlackTitle "IM"]
[WhiteElo "2500"]
[BlackElo "2380"]

1. d4 Nf6 2. c4 c6 3. Nc3 d5 4. e3 g6 5. Nf3 Bg7 6. Qb3 O-O 7. Bd2 Qb6 8. h3 dxc4
9. Bxc4 Qxb3 10. Bxb3 Bf5 11. g4 Bd3 12. Ne5 Ba6 13. f4 Nbd7 14. O-O-O Rad8 15.
e4 Ne8 16. Be3 Nc7 17. h4 Nxe5 18. dxe5 b6 19. h5 gxh5 20. Rdg1 Bd3 21. gxh5 h6
22. a4 Kh7 23. Rg3 Ba6 24. Rhg1 Bh8 25. Bc2 Ne6 26. Nd5 Rd7 27. Kb1 Be2 28. f5
Ng5 29. f6 e6 30. Nc3 Ba6 31. Bxg5 hxg5 32. h6 Rg8 33. Rxg5 Rxg5 34. Rxg5 Rd2
35. Bd1 Rh2 36. Kc1 Bd3 37. Rg3 Ba6 38. b4 Bc4 39. Nb1 Rh1 40. Kc2 Rh2+ 41. Nd2
b5 42. Kc3 Ba2 43. axb5 cxb5 44. Nf3 Rxh6 45. Ng5+ Kg8 46. Nxe6+ Rg6 47. Rxg6+
fxg6 48. Ng5 1-0

[Event "Warsaw Chess Open - A"]
[Site "Warszawa"]
[Date "1899-12-30"]
[Round "9.6"]
[White "Antolak, Julia"]
[Black "Heberla, Bartlomiej"]
[Result "0-1"]
[WhiteTitle "WIM"]
[BlackTitle "GM"]
[WhiteElo "2309"]
[BlackElo "2559"]

1. e4 g6 2. d4 d6 3. Nc3 Bg7 4. Bg5 Nf6 5. f4 O-O 6. Nf3 d5 7. e5 Ne4 8. Bh4 c5
9. Bd3 Nxc3 10. bxc3 Nc6 11. dxc5 Qa5 12. Qd2 Qxc5 13. Bf2 Qa5 14. O-O f6 15.
Rfb1 fxe5 16. Rb5 Qc7 17. fxe5 Nxe5 18. Nd4 Rxf2 19. Kxf2 Ng4+ 20. Ke2 Bh6 21.
Qe1 Qe5+ 22. Kf1 Nxh2+ 23. Kg1 Be3+ 24. Kh1 Qh5 25. Rxd5 e5 26. Rxe5 Qxe5 27.
Qh4 Ng4 28. Rf1 Bf2 0-1

[Event "Warsaw Chess Open - A"]
[Site "Warszawa"]
[Date "1899-12-30"]
[Round "9.7"]
[White "Sliwicka, Alicja"]
[Black "Nguyen, Piotr"]
[Result "1/2-1/2"]
[WhiteTitle "WIM"]
[BlackTitle "IM"]
[WhiteElo "2308"]
[BlackElo "2411"]

1. e4 e6 2. d4 d5 3. Nc3 Bb4 4. exd5 exd5 5. Bd3 Nf6 6. Nge2 c6 7. O-O O-O 8. Bg5
Re8 9. Ng3 h6 10. Bf4 Bg4 11. Qc1 Bf8 12. Nd1 Be6 13. c3 Nbd7 14. f3 c5 15. Be3
Qb6 16. Nf2 Nb8 17. dxc5 Bxc5 18. Bxc5 Qxc5 19. Qf4 Nc6 20. Ne2 Qb6 21. b3 Rac8
22. Rad1 Qa5 23. Qd2 Bd7 1/2-1/2

[Event "Warsaw Chess Open - A"]
[Site "Warszawa"]
[Date "1899-12-30"]
[Round "9.8"]
[White "Szotkowski, Jakub"]
[Black "Chylewski, Patryk"]
[Result "0-1"]
[WhiteTitle "IM"]
[BlackTitle "FM"]
[WhiteElo "2366"]
[BlackElo "2290"]

1. d4 Nf6 2. c4 e6 3. g3 d5 4. Bg2 Bb4+ 5. Bd2 Bd6 6. Nf3 c6 7. O-O Nbd7 8. Bg5
h6 9. Bxf6 Nxf6 10. Nbd2 O-O 11. Qc2 Qe7 12. e4 dxe4 13. Nxe4 Nxe4 14. Qxe4 c5
15. Rad1 a5 16. dxc5 Bxc5 17. Nd4 Ra6 18. Nb5 Rb6 19. Qe5 f6 20. Qh5 e5 21. b3
Bb4 22. Qg6 Ra6 23. Qd3 Bg4 24. Bf3 Bh3 25. Qd5+ Rf7 26. Bh5 Bxf1 27. Kxf1 Re6
28. Bxf7+ Kxf7 29. Kg2 Bc5 30. h4 f5 31. Nc3 g6 32. h5 gxh5 33. Qf3 Kg7 34. Qxh5
Qf7 35. Qe2 Bd4 36. Nb5 f4 37. Nxd4 exd4 38. Qd3 Rd6 39. Qe4 fxg3 40. fxg3 Qd7
41. Qe5+ Kg8 42. Rd3 b6 43. Kg1 Kh7 44. Kf2 Kg8 45. Kg1 Kh7 46. c5 bxc5 47. Qxc5
Rd5 48. Qc1 Qe6 49. Qc7+ Kg6 50. Qc2 Qe1+ 51. Kg2 Qe4+ 52. Kg1 Rh5 0-1

[Event "Warsaw Chess Open - A"]
[Site "Warszawa"]
[Date "1899-12-30"]
[Round "9.10"]
[White "Fargac, Martin"]
[Black "Szustakowski, Antoni"]
[Result "1-0"]
[WhiteTitle "FM"]
[BlackTitle "FM"]
[WhiteElo "2320"]
[BlackElo "2260"]

1. d4 Nf6 2. c4 e6 3. Nf3 d5 4. Nc3 dxc4 5. e3 a6 6. a4 b6 7. Bxc4 Bb7 8. O-O c5
9. Qe2 Nbd7 10. Rd1 Qc7 11. d5 exd5 12. Nxd5 Nxd5 13. Bxd5 Bxd5 14. Rxd5 Be7 15.
e4 Qc6 16. Rd1 O-O 17. e5 Rfe8 18. h3 h6 19. b3 Nf8 20. Be3 Ng6 21. Bc1 b5 22.
Be3 Bf8 23. axb5 axb5 24. Rxa8 Rxa8 25. Qc2 Re8 26. b4 c4 27. Nd4 Qb7 28. f4 Rd8
29. e6 Nh8 30. f5 Qd5 31. f6 fxe6 32. Rf1 Qe5 33. Qf2 Bd6 34. f7+ Kh7 35. Bf4
Qxf4 36. Qc2+ Ng6 37. Rxf4 Bxf4 38. Nxe6 Be3+ 39. Kf1 Rd3 40. Nc5 Rd8 41. Qf5
Bxc5 42. bxc5 c3 43. c6 c2 44. Qxc2 Rf8 45. Qf5 1-0

[Event "Warsaw Chess Open - A"]
[Site "Warszawa"]
[Date "1899-12-30"]
[Round "9.11"]
[White "Kiolbasa, Oliwia"]
[Black "Jakubowski, Krzysztof"]
[Result "1/2-1/2"]
[WhiteTitle "WIM"]
[BlackTitle "GM"]
[WhiteElo "2255"]
[BlackElo "2497"]

1. e4 c5 2. Nf3 d6 3. d4 cxd4 4. Nxd4 Nf6 5. Nc3 a6 6. g3 e5 7. Nde2 Nbd7 8. Bg2
Be7 9. O-O O-O 10. a4 b6 11. Nd5 Bb7 12. Nec3 Rc8 13. Nxf6+ Nxf6 14. Bg5 Rc4 15.
Qd3 Qc7 16. Rfd1 Rd4 17. Qe2 Rc8 18. Bxf6 Bxf6 19. h4 Qc5 20. Rac1 Qb4 21. Rb1
g6 22. Rdc1 Kg7 23. Nd5 Bxd5 24. exd5 Qa5 25. c3 Rxa4 26. b4 Qb5 27. c4 Qd7 28.
Kh2 Rb8 29. Be4 Qe8 30. Qc2 a5 31. b5 Rb4 32. Rxb4 axb4 33. Qb2 Ra8 34. Qxb4 Qd8
35. Kg1 Be7 36. Qb2 f5 37. Bg2 Bf6 38. Ra1 e4 39. Rxa8 Qxa8 40. Qe2 Bd4 41. Qd2
Qa1+ 42. Kh2 Bc5 43. Qe2 Qd4 44. Kg1 Qd3 45. Qxd3 exd3 46. Kf1 d2 47. Bf3 Kf6
48. h5 Ke5 49. hxg6 hxg6 50. Ke2 Kd4 51. Kxd2 Kxc4 52. Be2+ Kxd5 53. f3 Kd4 54.
Bd3 d5 55. g4 fxg4 56. fxg4 g5 57. Bf5 Bb4+ 58. Kd1 Kc4 59. Bd7 1/2-1/2

[Event "Warsaw Chess Open - A"]
[Site "Warszawa"]
[Date "1899-12-30"]
[Round "9.12"]
[White "Paszewski, Mateusz"]
[Black "Pacan-milej, Kosma"]
[Result "0-1"]
[WhiteTitle "FM"]
[BlackTitle "FM"]
[WhiteElo "2280"]
[BlackElo "2421"]

1. c4 Nf6 2. Nf3 e6 3. g3 d5 4. Bg2 d4 5. O-O c5 6. e3 Nc6 7. exd4 cxd4 8. d3 h6
9. Bf4 Bd6 10. Bxd6 Qxd6 11. Re1 O-O 12. Na3 Rb8 13. Qd2 a6 14. Rab1 b6 15. b4
Bb7 16. Nc2 Rfd8 17. Re2 e5 18. b5 axb5 19. cxb5 Na5 20. Nxe5 Bxg2 21. Kxg2 Qd5+
22. Kg1 Qxa2 23. Rbe1 Qd5 24. Qf4 Rbc8 25. Ng4 Nxg4 26. Qxg4 Nb3 27. Na3 Nc1 28.
Re5 Qa2 29. Nc4 Nxd3 30. Nd6 Qxf2+ 31. Kh1 Nxe1 0-1

[Event "Warsaw Chess Open - A"]
[Site "Warszawa"]
[Date "1899-12-30"]
[Round "9.13"]
[White "Mis, Mieszko"]
[Black "Dalkowski, Rafal"]
[Result "0-1"]
[WhiteTitle "FM"]
[BlackTitle "I++"]
[WhiteElo "2361"]
[BlackElo "1980"]

1. Nf3 Nf6 2. c4 c5 3. g3 Nc6 4. Bg2 g6 5. b3 Bg7 6. Bb2 O-O 7. O-O d6 8. d3 e5
9. Nc3 Be6 10. Ng5 Qe7 11. Nxe6 fxe6 12. a3 a5 13. e3 Rad8 14. Qe2 Qf7 15. Rac1
g5 16. Rfd1 h5 17. h3 g4 18. h4 Ne7 19. Bxb7 Nf5 20. Bg2 Nh7 21. Ne4 d5 22. Nxc5
Qe7 23. b4 Rd6 24. e4 Nxh4 25. gxh4 d4 26. Rc2 Bh6 27. Bc1 Bxc1 28. Rdxc1 Qxh4
29. Nb3 Ng5 30. Nd2 Rd7 31. c5 Rdf7 32. f3 gxf3 33. Qf2 Nh3+ 34. Bxh3 Qxh3 35.
Nxf3 Rg7+ 36. Qg2 Qxf3 37. c6 Rff7 38. Rf2 Qxf2+ 39. Kh2 Qxg2# 0-1

[Event "Warsaw Chess Open - A"]
[Site "Warszawa"]
[Date "1899-12-30"]
[Round "9.14"]
[White "Wikar, Martyna"]
[Black "Zgadzaj, Rafal"]
[Result "1/2-1/2"]
[WhiteTitle "k++"]
[BlackTitle "k"]
[WhiteElo "2168"]
[BlackElo "2083"]

1. Nf3 e6 2. g3 f5 3. Bg2 Nf6 4. d3 Be7 5. c4 d5 6. cxd5 exd5 7. Bf4 O-O 8. Nc3
c6 9. Ne5 Be6 10. e3 Nbd7 11. Nf3 Bf7 12. Nd4 g6 13. h4 c5 14. Ndb5 d4 15. exd4
cxd4 16. Nxd4 Nc5 17. Be3 f4 18. gxf4 Nd5 19. Qd2 Nxf4 20. Bxf4 Qxd4 21. Be4 Rad8
22. Rd1 Be6 23. Qe3 Nxe4 24. dxe4 Qc4 25. Rxd8 Rxd8 26. Qe2 Qc5 27. Be3 Qc6 28.
h5 Bf6 29. Bd2 Qd7 30. hxg6 hxg6 31. Rg1 Kg7 32. Qe3 Rh8 33. e5 Be7 34. Qe4 Bf5
35. Qd5 Qc7 36. e6 Qh2 37. Ne2 Rh5 38. Qd7 Qd6 39. Bc3+ Kf8 40. Qc8+ Qd8 41. Qxb7
Bc2 42. Qd7 Qxd7 43. exd7 Rd5 44. Nd4 Bf5 45. Nxf5 gxf5 46. Ke2 Rxd7 47. Kf3 Rd5
48. Rg6 Kf7 49. Rc6 Bd6 50. a4 Ke7 51. Ra6 Bc5 52. Ke2 Kd8 53. Ra5 f4 54. b4 f3+
55. Ke1 Bxf2+ 56. Kxf2 Rxa5 57. bxa5 1/2-1/2

[Event "Warsaw Chess Open - A"]
[Site "Warszawa"]
[Date "1899-12-30"]
[Round "9.16"]
[White "Rajlich, Iweta"]
[Black "Bugajski, Robert"]
[Result "1-0"]
[WhiteTitle "IM"]
[BlackTitle "FM"]
[WhiteElo "2393"]
[BlackElo "2066"]

1. d4 Nf6 2. c4 g6 3. g3 c6 4. Bg2 d5 5. Nf3 Bg7 6. O-O O-O 7. Bf4 Qb6 8. Qc1 Bf5
9. c5 Qd8 10. Nc3 Ne4 11. Rd1 Nd7 12. h3 b6 13. cxb6 Nxc3 14. bxc3 axb6 15. Nh4
Be6 16. g4 f6 17. Bg3 Bf7 18. Nf3 Qc8 19. Qc2 c5 20. Ne1 Rd8 21. e4 cxd4 22. exd5
Ra5 23. cxd4 Bxd5 24. Bxd5+ Rxd5 25. Qb3 Nf8 26. Qxb6 f5 27. Rac1 Qe6 28. Qxe6+
Nxe6 29. gxf5 Nxd4 30. Kf1 Nxf5 31. Rxd5 Nxg3+ 32. fxg3 Rxd5 33. Rc8+ Kf7 34.
Ra8 Be5 35. g4 Bc3 36. Nf3 Ra5 37. Rxa5 Bxa5 38. Ng5+ Kg7 39. Ne4 h6 40. Ke2 Kf7
41. Nc5 Kf6 42. Kf3 h5 43. Ne4+ Ke5 44. Ng3 hxg4+ 45. Kxg4 Bd2 46. Nf1 Bc1 47.
Nh2 Kf6 48. a4 Bd2 49. Nf3 Bc3 50. Kf4 Ba5 51. Ke4 Bb4 52. Nd4 Kg5 53. Nc6 Bc5
54. Kd5 Bb6 55. Nxe7 Kh5 56. Kc6 Bd8 57. Nd5 Ba5 58. Kb5 Be1 59. Nb4 Kh4 60. a5
Kxh3 61. a6 Bf2 62. Nd3 Ba7 63. Nf4+ Kg4 64. Nxg6 Kf5 65. Ne7+ Ke6 66. Nc8 Bb8
67. Kc6 1-0

[Event "Warsaw Chess Open - A"]
[Site "Warszawa"]
[Date "1899-12-30"]
[Round "9.17"]
[White "Karpus, Michal"]
[Black "Goraj, Barbara"]
[Result "1/2-1/2"]
[WhiteTitle "FM"]
[BlackTitle "WCM"]
[WhiteElo "2271"]
[BlackElo "2076"]

1. e4 c5 2. Nf3 d6 3. d4 cxd4 4. Nxd4 Nf6 5. Nc3 Nc6 6. Bg5 Bd7 7. Qd2 Rc8 8. O-O-O
Nxd4 9. Qxd4 Qa5 10. f4 h6 11. Bxf6 gxf6 12. Be2 Qc5 13. Qd3 f5 14. e5 Bg7 15.
exd6 e6 16. Nb5 Qb4 17. c3 O-O 18. Nd4 Qxd6 19. Nxf5 Qxf4+ 20. Kb1 exf5 21. Qxd7
Qe5 22. Rd2 Rc6 23. Bf3 Rb6 24. Rc1 Bf6 25. Re2 Qa5 26. Bd5 Bxc3 27. Qxf5 Qb5
28. Bxf7+ Rxf7 29. Qxb5 Rxb5 30. Rxc3 Rbf5 31. a3 Kg7 32. Kc2 Rd5 33. Rg3+ Kh7
34. Rge3 h5 35. Re7 Rdf5 36. Kd3 Kg6 37. Rxf7 Kxf7 38. Ke3 Rb5 39. Kf4 Rc5 40.
h3 Kf6 41. g4 hxg4 42. hxg4 b5 43. Rh2 Rc4+ 44. Kf3 b4 45. Rh6+ Ke5 46. Rh5+ Kf6
47. Ra5 Rc2 48. Ra6+ Ke5 49. axb4 Rxb2 50. Kg3 Rxb4 51. Kh4 Rb8 52. Kh5 Rh8+ 53.
Rh6 Ra8 54. g5 a5 55. g6 Kf6 56. Rh7 Rf8 57. Kh6 a4 58. Ra7 Rh8+ 59. Rh7 Rf8 60.
Ra7 1/2-1/2

[Event "Warsaw Chess Open - A"]
[Site "Warszawa"]
[Date "1899-12-30"]
[Round "9.18"]
[White "Chyzy, Jakub"]
[Black "Piotrowski, Pawel"]
[Result "1/2-1/2"]
[WhiteTitle "FM"]
[BlackTitle "I++"]
[WhiteElo "2257"]
[BlackElo "2027"]

1. e4 c5 2. Nf3 e6 3. d4 cxd4 4. Nxd4 Nf6 5. Bd3 Nc6 6. Nb3 d5 7. exd5 exd5 8.
O-O Be7 9. Bf4 O-O 10. Nc3 Bg4 11. Qd2 Qd7 12. Nb5 Nb4 13. N5d4 Ne4 14. Qe3 Nxd3
15. Qxd3 Nc5 16. Nxc5 Bxc5 17. c3 Rfe8 18. Rfe1 Rxe1+ 19. Rxe1 Re8 20. Rxe8+ Qxe8
21. h3 Bd7 22. Qg3 f6 23. Qe3 1/2-1/2

[Event "Warsaw Chess Open - A"]
[Site "Warszawa"]
[Date "1899-12-30"]
[Round "9.19"]
[White "Kubicka, Anna"]
[Black "Krasiewicz, Robert"]
[Result "1-0"]
[WhiteTitle "WIM"]
[BlackTitle "k+"]
[WhiteElo "2210"]
[BlackElo "2049"]

1. d4 g6 2. e4 Bg7 3. Nc3 d6 4. Be3 a6 5. Qd2 b5 6. O-O-O Bb7 7. f3 Nd7 8. h4 h6
9. Kb1 Rc8 10. g4 c5 11. dxc5 Nxc5 12. Bh3 Qc7 13. Bd4 e5 14. Be3 Rd8 15. Nge2
Ne7 16. Nd5 Bxd5 17. exd5 Nc8 18. Ng3 Nb6 19. b3 Ra8 20. Ne4 Nbd7 21. g5 h5 22.
Bxd7+ Nxd7 23. Qb4 Bf8 24. f4 Rc8 25. Rc1 Be7 26. c4 a5 27. Qd2 b4 28. c5 dxc5
29. d6 Qc6 30. Qd3 Bf8 31. Bxc5 Qb7 32. Rhe1 Bg7 33. fxe5 O-O 34. e6 fxe6 35.
Nf6+ Bxf6 36. gxf6 Nxc5 37. Qxg6+ Kh8 38. Re5 Rf7 39. Rxh5+ Rh7 40. f7 Qxf7 41.
Qxf7 1-0